000 00568nam a22001937a 4500
999 _c9877
_d9877
003 GBCCL
005 20241126110720.0
008 230809b ||||| |||| 00| 0 eng d
020 _a 9780852344484,
020 _a0852344481
040 _cGBC
082 _a269.2
_bBLA
245 _a The man who made the millennium /
_cJohn Blanchard
260 _aDarlington, U.K.,
_bEvangelical Press,
_c2000
650 _aEvangelistic literature
_917180
650 _aMillennium (Eschatology)
_92062
650 _aMillennium 2000
_vReligious aspects
_917181
942 _2ddc
_cBK